U.S. State Quarter Map Quiz - Statistics

General Stats
  • This quiz has been taken 176 times
  • The average score is 25 of 50
Answers on the Map
Answers color-coded by a green-red scale on the quiz's map according to % correct below.
 
Answer Stats
Answer % Correct
Texas
77%
New York
75%
Michigan
71%
Massachusetts
69%
Pennsylvania
69%
New Mexico
69%
South Dakota
67%
Ohio
67%
Illinois
67%
South Carolina
65%
Idaho
65%
Indiana
65%
Minnesota
65%
Georgia
63%
Hawaii
63%
Arizona
58%
Tennessee
58%
Louisiana
58%
North Carolina
58%
Delaware
56%
Mississippi
56%
Missouri
54%
California
52%
Florida
52%
Wyoming
52%
Washington
48%
New Hampshire
48%
Alaska
48%
Virginia
46%
Connecticut
44%
Montana
44%
Oregon
44%
Nevada
42%
Maine
42%
Wisconsin
40%
New Jersey
40%
Rhode Island
40%
Nebraska
38%
Arkansas
35%
Kentucky
35%
Maryland
35%
Alabama
33%
Kansas
33%
West Virginia
33%
Utah
31%
Colorado
31%
Iowa
27%
Oklahoma
27%
Vermont
27%
North Dakota
21%
No matching quizzes found
Score Distribution
Percent of People with Each Score
Percentile by Number Answered
Your Score History
You have not taken this quiz